ბათუმის შოთა რუსთაველის სახელმწიფო უნივერსიტეტის ბიბლიოთეკა

Экспериментальная психология (ბიბ.ჩანაწერი № 35214)

000 -LEADER
fixed length control field 00856nam a2200265Ia 4500
001 - CONTROL NUMBER
control field 1060
003 - CONTROL NUMBER IDENTIFIER
control field GE_BSU
008 - FIXED-LENGTH DATA ELEMENTS--GENERAL INFORMATION
fixed length control field 181216s||||||||xx |||||||||||||| ||und||
020 ## - INTERNATIONAL STANDARD BOOK NUMBER
International Standard Book Number 5938782384
040 ## - CATALOGING SOURCE
Transcribing agency GE_BSU
080 ## - UNIVERSAL DECIMAL CLASSIFICATION NUMBER
Universal Decimal Classification number 159.9
100 ## - MAIN ENTRY--PERSONAL NAME
Personal name Сосло, Роберт,Кемберли,Маклин
245 ## - TITLE STATEMENT
Title Экспериментальная психология
245 ## - TITLE STATEMENT
Remainder of title Планирование,проведение,анализ.75 уникальных экспериментов
250 ## - EDITION STATEMENT
Edition statement 8-е допол. перераб.изд-е.
260 ## - PUBLICATION, DISTRIBUTION, ETC.
Place of publication, distribution, etc. СПБ
260 ## - PUBLICATION, DISTRIBUTION, ETC.
Name of publisher, distributor, etc. Прайм-Еврознак
260 ## - PUBLICATION, DISTRIBUTION, ETC.
Date of publication, distribution, etc. 2006
300 ## - PHYSICAL DESCRIPTION
Extent 480стр.
653 ## - INDEX TERM--UNCONTROLLED
Uncontrolled term Психология
653 ## - INDEX TERM--UNCONTROLLED
Uncontrolled term Экспериментальная психология
653 ## - INDEX TERM--UNCONTROLLED
Uncontrolled term ფსიქოლოგია
942 ## - ADDED ENTRY ELEMENTS (KOHA)
Koha item type წიგნი
ეგზემპლარები
Withdrawn status Lost status Damaged status Not for loan Date acquired Barcode Date last seen Price effective from Koha item type Public note
        2018-12-17 1145 2018-12-17 2018-12-17 წიგნი დარბაზი